Fundamentals of Engineering Thermodynamics / (Record no. 8307)
[ view plain ]
| 000 -LEADER | |
|---|---|
| fixed length control field | 00414nam a2200145 a 4500 |
| 020 ## - INTERNATIONAL STANDARD BOOK NUMBER | |
| ISBN | 812032790X (paperback) |
| 020 ## - INTERNATIONAL STANDARD BOOK NUMBER | |
| ISBN | 9788120327900 (paperback) |
| 100 1# - MAIN ENTRY--AUTHOR NAME | |
| Personal name | Rathakrishnan, E. |
| 245 10 - TITLE STATEMENT | |
| Title | Fundamentals of Engineering Thermodynamics / |
| 260 ## - PUBLICATION, DISTRIBUTION, ETC. (IMPRINT) | |
| Name of publisher | Prentice Hall of India, |
| Year of publication | 2000. |
| Place of publication | 1 v |
| 300 ## - PHYSICAL DESCRIPTION | |
| Number of Pages | Imp |
| 650 ## - SUBJECT ADDED ENTRY--TOPICAL TERM | |
| Topical Term | Thermodynamics |
| 856 ## - ELECTRONIC LOCATION AND ACCESS | |
| Uniform Resource Identifier | http://10.10.170.122:8080/browse/book/24847 |
| 942 ## - ADDED ENTRY ELEMENTS (KOHA) | |
| Koha item type | Books |
| Withdrawn status | Lost status | Collection code | Home library | Current library | Date acquired | Full call number | Accession Number | Koha item type |
|---|---|---|---|---|---|---|---|---|
| Central Library, QUEST, Nawabshah | Central Library, QUEST, Nawabshah | 21/07/2014 | 621.4021RAT | 23922 | Books | |||
| Reference | Reference Section | Reference Section | 21/07/2014 | 621.4021RAT (Shelf - 64D) | 23921 | Books |